|
|
|
|
| LEADER |
00000nab a2200000 a 4500 |
| 001 |
vtls000506167 |
| 003 |
SK-MaSNL |
| 005 |
20260304013418.0 |
| 008 |
160204c1992 xo 0 slo |
| 015 |
|
|
|a SNBRA19rr/mm-uuuuu
|
| 035 |
|
|
|a CL0506305
|
| 040 |
|
|
|a SNKBUCL
|b slo
|c SNKBUCL
|e AACR2
|
| 041 |
0 |
|
|a slo
|
| 044 |
|
|
|a xo
|c SK
|
| 080 |
|
|
|a 78.035.2(437.6):908.437.67
|2 1981
|
| 080 |
|
|
|a 908.437.67
|2 1981
|
| 080 |
|
|
|a 78.01
|2 1981
|
| 100 |
1 |
|
|a Ballová, Ľuba,
|d 1934-
|4 aut
|9 38759
|
| 245 |
1 |
0 |
|a Hudba v Novom Sanssouci na Spiši
|c Ľuba Ballová
|
| 300 |
|
|
|b Res. nem., lit. 17 zázn. v češ., maď., nem., slov., lit. v pozn.
|
| 650 |
0 |
7 |
|a hudba
|2 snkbucl
|9 1063
|
| 650 |
0 |
7 |
|a hudobná kultúra
|2 snkbucl
|9 58402
|
| 651 |
|
7 |
|a Spiš (Slovensko : región)
|2 snkbucl
|9 17692
|
| 655 |
|
7 |
|a články zo zborníkov
|2 snkbucl
|9 166140
|
| 773 |
0 |
|
|t Musicologica slovaca et Europaea 17
|d Bratislava : ASCO, 1992
|g S. 95-101
|
| 850 |
|
|
|a Slovenská národná knižnica v Martine
|a MTA001
|
| 852 |
|
|
|a SNK
|b KIS3GCP
|
| 958 |
|
|
|a NB
|
| 958 |
|
|
|a RK
|
| 992 |
|
|
|a RZB
|
| 999 |
|
|
|c 2575709
|d 2577639
|